000
00267nam a2200121 a 4500
008
101025s1985|||| d
100
1
_a
MarkuĊĦa, Anatolij
245
1
0
_a
Ja Ty My
260
_b
Osveta
_a
Martin
_c
1985
020
_c
12
041
_a
slo
044
_a
xo
_c
SK
999
_c
12211
_d
12211